Studies on Genetic Divergence in Okra (Abelmoschus esculentus (L) Moench.) (Record no. 50166)

MARC details
000 -LEADER
fixed length control field 00437nam a22001577a 4500
003 - CONTROL NUMBER IDENTIFIER
control field OSt
008 - FIXED-LENGTH DATA ELEMENTS--GENERAL INFORMATION
fixed length control field 260424b |||||||| |||| 00| 0 eng d
082 ## - DEWEY DECIMAL CLASSIFICATION NUMBER
Classification number 635.648
Item number K98S
100 ## - MAIN ENTRY--PERSONAL NAME
Personal name Kumari, Mamta
245 ## - TITLE STATEMENT
Title Studies on Genetic Divergence in Okra (Abelmoschus esculentus (L) Moench.)
260 ## - PUBLICATION, DISTRIBUTION, ETC. (IMPRINT)
Place of publication, distribution, etc Pusa, Samastipur
Name of publisher, distributor, etc RAU & BAU
Date of publication, distribution, etc 2005
300 ## - PHYSICAL DESCRIPTION
Extent 70P.
502 ## - DISSERTATION NOTE
Degree type Msc.
Year degree granted 2005
650 ## - SUBJECT ADDED ENTRY--TOPICAL TERM
Topical term or geographic name as entry element Vegetable & Floriculture
942 ## - ADDED ENTRY ELEMENTS (KOHA)
Source of classification or shelving scheme
Koha item type Thesis
Holdings
Withdrawn status Lost status Source of classification or shelving scheme Damaged status Not for loan Home library Current library Date acquired Total Checkouts Full call number Barcode Date last seen Bill Date Koha item type
          Dr. Rajendra Prasad Central Agricultural University Pusa, Dr. Rajendra Prasad Central Agricultural University Pusa, 24/04/2026   635.648 K98S 53328 24/04/2026 24/04/2026 Thesis
Hosted, Implemented, Customized & Maintained by: BestBookBuddies

Powered by Koha